佛山市知识测验 Foshan city quiz - Statistics

General Stats
  • This quiz has been taken 31 times
  • The average score is 15 of 23
Answer Stats
问题 答案 % Correct
佛山市的车牌代码 粤E
100%
佛山曾使用,自2018年起停发的车牌代码 粤X
96%
佛山曾使用,自2018年起停发的车牌代码 粤Y
96%
源自顺德的牛奶制粤式甜品 双皮奶
93%
总部位于上题所述镇的家电集团 美的
93%
佛山市的民航机场,被调侃为“最接地气”的机场 佛山{沙堤}机场
81%
出身佛山的咏春拳宗师 叶问
81%
顺德的中心城区所在镇街 大良街道
74%
禅城区中心的古建筑群庙宇景区 祖庙
74%
2023“中国镇域高质量发展500强”第4名的镇 北滘
74%
“南海新交通”指的是哪种交通方式 有轨电车
67%
佛山境内的广东名山 西樵山
67%
出身佛山的清末维新运动领袖 康有为
67%
2023“中国镇域高质量发展500强”第1名的镇 狮山
67%
上述镇街处的著名传统岭南园林 清晖园
59%
出身佛山的清末武术家、外科医师、醒狮名家 黄飞鸿
52%
佛山市辖区内的另一处上题类型的交通(已停运) 高明有轨电车
44%
由于临时加站建设进度落后,导致佛山地铁3号线后通段分段开通的地铁站 佛山高铁站
41%
2023“中国镇域高质量发展500强”第9/16/24/39名的镇(写出其一即可) 里水/大沥/龙江/乐从
41%
“龙舟漂移”盛景所在的岭南水乡 叠滘
37%
1903年建成的复线铁路,由广州向西联通佛山境内西江与北江的航运,后为广茂铁路一部分 {广三}铁路
30%
上题地点附近的历史文化街区,已开发为商业旅游综合街区 岭南天地(东华里)
22%
创自佛山的传统糕饼,以糯米为主料,包有猪肉 盲公饼
22%
No matching quizzes found
Score Distribution
Percent of People with Each Score
Percentile by Number Answered
Your Score History
You have not taken this quiz